00475nam a22001577a 450000500170000001000150001702000270003203500140005903700090007308200110008210000220009324500570011526000520017227000730022430000200029720240508163945.0 aENG-140184 c1995.00a9789390649952 aEN-123716 bDBAD a796.01 aSharma Raj Kumar  aEssential of Sports Psychology/cBy Raj Kumar Sharma aNew Delhi bFriends Publications ( India)c2022 a101-103, 4787/23, Ansari Road, Daryaganj, New Delhi bDelhi e110002 a295p.c24cm(pb)